MARC

Tag First Indicator Second Indicator Subfields
LEADER 00000cam a2200000 a 4500
001 in00002782863
005 20150922150350.0
008 120417s2013 njua b 001 0deng
010 |a  2012014277 
020 |a 9780691153964 (hardcover : acid-free paper) 
020 |a 0691153965 (hardcover : acid-free paper) 
035 |a (OCoLC)ocn787508819 
040 |a DLC  |c DLC  |d UtOrBLW 
043 |a n-us--- 
049 |a TXAM 
050 0 0 |a E743.5  |b .S86 2013 
082 0 0 |a 973.91  |2 23 
100 1 |a Storrs, Landon R. Y. 
245 1 4 |a The second Red Scare and the unmaking of the New Deal left /  |c Landon R.Y. Storrs. 
264 1 |a Princeton, N.J. :  |b Princeton University Press,  |c [2013] 
264 4 |c ©2013 
300 |a xii, 404 pages :  |b illustrations ;  |c 24 cm. 
336 |a text  |b txt  |2 rdacontent 
337 |a unmediated  |b n  |2 rdamedia 
338 |a volume  |b nc  |2 rdacarrier 
490 1 |a Politics and society in twentieth-century America 
504 |a Includes bibliographical references and index. 
505 0 |a Selected government officials investigated under Federal Loyalty program -- When the old Left was young ... and went to Washington -- Allegations of disloyalty at labor and consumer agencies, 1939-1943 -- "Pinks in minks" : The antifeminism of the old Right -- The loyalty investigations of Leon and Mary Dublin Keyserling -- Secrets and self-reinvention : The making of Cold War liberalism -- "A soul-searing trocess" : Trauma in the Civil Service -- Loyalty investigations and the "end of reform" -- Appendix 1: Loyalty case records and selection -- Appendix 2: Loyalty case summaries -- Appendix 3: Chronology of the Federal Loyalty-Security program -- Appendix 4: Statistics of the Federal Loyalty-Security program. 
650 0 |a Anti-communist movements  |z United States  |x History  |y 20th century. 
650 0 |a New Deal, 1933-1939. 
650 0 |a Conservatism  |z United States  |x History  |y 20th century. 
650 0 |a Liberalism  |z United States  |x History  |y 20th century. 
651 0 |a United States  |x Officials and employees  |v Biography. 
651 0 |a United States  |x Officials and employees  |x Political activity  |x History  |y 20th century. 
650 0 |a Criminal investigation  |x Political aspects  |z United States  |x History  |y 20th century. 
650 0 |a Allegiance  |z United States  |x History  |y 20th century. 
650 0 |a Internal security  |z United States  |x History  |y 20th century. 
651 0 |a United States  |x Politics and government  |y 1933-1945. 
830 0 |a Politics and society in twentieth-century America. 
945 |a PromptCat 
946 |a stk 
947 |a A14836013656 
948 |a cataloged  |b h  |c 2012/12/5  |d c  |e dmitchel  |f 8:00:00 am 
994 |a 92  |b TXA 
999 |a MARS 
999 f f |s 4447460e-2848-3413-98d1-d7c66c04d0e2  |i a812ec40-121e-3bd9-be5a-233c1655a327  |t 0 
952 f f |p normal  |a Texas A&M University  |b College Station  |c Sterling C. Evans Library  |d Evans: Library Stacks  |t 0  |e E743.5 .S86 2013  |h Library of Congress classification  |i unmediated -- volume  |m A14836013656 
998 f f |a E743.5 .S86 2013  |t 0  |l Evans: Library Stacks